00997nam a22002652a 450000100060000000300080000600500170001400800410003103500190007204000370009104100080012808200160013610000690015224500830022126000690030430000280037349000260040150400640042765000210049183000170051283000270052994200120055699900170056895201460058522253BD-RjUL20211209000802.0140306r19521947enka b 001 0 eng d a(BD-RjUL)22318 aREBcREBdOCLdEQOdBD-RjULbeng aeng a913.32bEDP1 aEdwards, I. E. S.q(Iorwerth Eiddon Stephen),d1909-1996.96868714aThe pyramids of Egypt /cby I.E.S. Edwards ; drawings by John Cruikshank Rose. aWest Drayton, Middlesex :bPenguin Books,c1947 [reprinted 1952] a256 p. :bill. ;c19 cm1 aPelican books ;vA168 aIncludes bibliographical references (p. 245-253) and index. 0aPyramids.968688 0vA168.968697 0aPelican books ;910435 2ddccBK c22253d22253 00102ddc40728NFICaRUCLbRUCLcReadingd1966-05-04eGovt of Australiag0.00l0o913.32 EDP 1952r2014-03-06 00:00:00tC-1w2014-03-06yBK